Quiz dating : 8 mots dans mots : (mort subite) - Statistiques

Statistiques générales
  • Ce quiz a été pris 51 fois
    37 depuis la dernière actualisation
  • Le résultat moyen est 4 sur 8
Answers on the Grid
Answers color-coded by a green-red scale on the quiz's grid according to % correct below.
Dét---ler
Ass---li
Me---e
Appa---l
Can---le
Hou--on
M---lot
H---lon
De---ier
J---lir
Cis---le
Jav---t
Mont---e
Méd---le
No---l
Fi--re
 
Statistiques - réponses
Réponse % Correct
Mont---e
100%
Appa---l
67%
De---ier
67%
Fi--re
33%
Hou--on
33%
Jav---t
33%
Me---e
33%
No---l
33%
Aucun quiz correspondant
Distribution des résultats
% des personnes avec chaque résultat
Percentile par nombre de réponses
Votre historique - résultats
Vous n’avez pas pris ce quiz depuis la dernière actualisation